000
00264nam a2200097Ia 4500
001
1049230
005
20250826232309.0
008
250824s9999 xx 000 0 und d
245
0
_a
YAKIN TARİHİNİN KARA DELİKLERİ
_c
MUSTAFA ARMAĞAN
260
_b
KETEBE YAYINLARI
999
_c
1049230
_d
1049230